Statystyki dla Czy Rozpoznasz Reprezentacje po Piłkarzu!?

Kliknij tutaj aby rozwiązać quiz!

Ogólne statystyki

  • Ten quiz został rozwiązany 21 394 razy
  • Średni wynik to 40 z 50

Statystyki odpowiedzi

PiłkarzReprezentacja% Poprawnych
Lionel MessiArgentyna
100%
Arkadiusz MilikPolska
100%
Kylian MbappéFrancja
99%
Cristiano RonaldoPortugalia
97%
Łukasz PiszczekPolska
96%
Paul PogbaFrancja
94%
Toni KroosNiemcy
93%
NeymarBrazylia
91%
Wojciech SzczęsnyPolska
90%
Leonardo BonucciWłochy
90%
MarceloBrazylia
89%
Christian EriksenDania
88%
Jakub BłaszczykowskiPolska
88%
David de GeaHiszpania
87%
Andrés IniestaHiszpania
87%
Robert LewandowskiPolska
87%
Raheem SterlingAnglia
86%
Edinson CavaniUrugwaj
86%
Harry KaneAnglia
83%
Luka ModrićChorwacja
83%
Wayne RooneyAnglia
82%
Mohamed SalahEgipt
82%
N’Golo KantéFrancja
82%
Mesut ÖzilNiemcy
82%
PepePortugalia
82%
Fiodor SmołowRosja
82%
Gareth BaleWalia
82%
Gonzalo HiguaínArgentyna
81%
Eden HazardBelgia
81%
Mateo KovačićChorwacja
81%
Giorgio ChielliniWłochy
79%
Sergio AgüeroArgentyna
78%
Iker CasillasHiszpania
78%
Son Heung-minKorea Południowa
77%
PaulinhoBrazylia
76%
André SilvaPortugalia
76%
Sadio ManéSenegal
76%
David AlabaAustria
73%
James RodríguezKolumbia
73%
Alexis SánchezChile
70%
Marko ArnautovićAustria
67%
Emil ForsbergSzwecja
67%
James McCleanIrlandia
66%
Tomas KoubekCzechy
65%
Daley BlindHolandia
65%
Javier HernándezMeksyk
62%
Birkir BjarnasonIslandia
52%
Tim CahillAustralia
51%
Ahmed MusaNigeria
51%
Ritsu DoanJaponia
29%

Rozkład punktacji

Percentyl według liczby udzielonych odpowiedzi

Procent ludzi z każdym wynikiem

Twoja historia wyników

Nie rozwiązałeś tego quizu